000 00503nmm a2200169Ia 4500
008 251105s9999||||xx |||||||||||||||||und||
020 _a9788499452920
041 _aspa
100 _aAndiñach , Pablo R.
245 0 _aIntroducción hermenéutica al Antiguo Testamento
264 _a[Madrid, España] :
_bEditorial Verbo Divino,
_c2012
300 _a592 páginas
490 _aEstudios bíblicos
650 _aReligion(s)
856 _uhttps://public.digitaliapublishing.com/a/20630
942 _cCF
999 _c92854
_d92854